Sports Quiz

Random Sports Quiz
Score 0/183 Timer 20:00
0 Plays Today
Difficulty Trail % Correct
BlueSimba
74.8%
BlackRiva Ridge
72.3%
Double BlackPrima
71.6%
Double BlackBlue Ox
66.5%
BlueAvanti
66.5%
BlueChristmas
63.9%
BlueNorthwoods
63.9%
Double BlackHighline
61.9%
BlackNorthstar
61.3%
GreenLost Boy
61.3%
BlackInternational
60%
BluePoppyfields
59.4%
BlueBorn Free
57.4%
BlackLover's Leap
55.5%
BlueCappuccino
55.5%
BlackRoger's Run
54.8%
BlueBwana
54.8%
BlackOuter Mongolia Bowl
54.2%
BlueExpresso
54.2%
Double BlackPrima Cornice
53.5%
BlackOuzo
52.9%
BlueLodgepole
52.9%
BlackYonder
51.6%
BlackInner Mongolia Bowl
51%
GreenRamshorn
51%
CatwalkCloud 9
51%
BluePickeroon
50.3%
BlueWhiskey Jack
50.3%
BlackTourist Trap
48.4%
BlueBear Tree
48.4%
BlueDealer's Choice
48.4%
CatwalkLion's Way
48.4%
Double BlackPronto
47.7%
BlackGenghis Khan
47.7%
BlackLook Ma
47.7%
GreenGitalong Road
47.1%
BlackForever
46.5%
BlackRasputin's Revenge
46.5%
BlackRicky's Ridge
46.5%
BlueBerries
46.5%
BlueMid-Vail Express
46.5%
GreenSwingsville
46.5%
BlackDragon's Teeth
45.8%
BlackFaro
45.8%
BlackGandy Dancer
45.8%
BlackZot
45.8%
BlueChaos Canyon
45.8%
BlueSafari
45.8%
BlackGiant Steps
45.2%
BlueWhistle Pig
45.2%
BlackLog Chute
44.5%
BlackMinnie's
44.5%
BlackN. Rim
44.5%
BlackS. Rim
44.5%
BlackThe Slot
44.5%
BlueColumbine
44.5%
GreenFlapjack
44.5%
BlueHunky Dory
43.9%
BlueSpruce Face
43.9%
BlackWindows
43.2%
BlackKangaroo Cornice
42.6%
Difficulty Trail % Correct
CatwalkCub's Way
41.9%
BlackOver Yonder
41.3%
BlackRiva Glade
41.3%
BlueBig Rock Park
41.3%
BlueLedges
41.3%
BlackBolshoi Ballroom
40.6%
BlackSeldom
40.6%
BluePoppyfields West
40.6%
GreenTin Pants
40.6%
BlackRed Square
40%
BluePoppyfields East
40%
BlackOuzo Glade
39.4%
BlueShowboat
39.4%
BlueSnag Park
39.4%
GreenSourdough
39.4%
BlackWildcard
38.7%
BlackNever
38.1%
BlackS. Look Ma
38.1%
BlueThe Woods
38.1%
Double BlackMudslide
37.4%
BlackMilt's Face
37.4%
BlackSteep & Deep
37.4%
GreenOver Easy
37.4%
CatwalkSleepytime
37.4%
BlackPepi's Face
36.8%
BlackO.S.
36.1%
CatwalkTimberline Catwalk
36.1%
BlueBen's Face
36.1%
BlackEmperor's Choice
35.5%
BlackShangri-La
35.5%
BlackWow
35.5%
BlueBaccarat
35.5%
BlueChopstix
35.5%
BlackHairbag Alley
34.8%
BlackHeadwall
34.8%
BlackRed Zinger
34.8%
BlueGrand Review
34.8%
BlueRuder's Run
34.8%
BlackDeuces Wild
34.2%
BlackJade Glade
34.2%
BlackPowerline Glade
34.2%
BlueIn the Wuides
34.2%
BlueWhippersnapper
34.2%
BlueThe Star
33.5%
Black38
32.9%
BlackCady's Cafe
32.9%
BlackIron Mask
32.3%
CatwalkVail Village Catwalk
32.3%
Double BlackThe Narrows
31.6%
BlackApres Vous
31.6%
GreenPractice Parkway
31.6%
CatwalkRiva Catwalk
31.6%
BlackThe Skipper
31%
CatwalkBrisk Walk
31%
CatwalkSilk Road
31%
Double BlackFrontside Chutes
30.3%
GreenBoomer
30.3%
CatwalkCold Feet
30.3%
Double BlackThe Pump House
29.7%
BlackCow's Face
29.7%
GreenThe Meadows
29.7%
Difficulty Trail % Correct
CatwalkLionshead Catwalk
29.7%
BlackGolden Peak Race
29%
BlackGorky Park
29%
BlackStraight Shot
29%
GreenEagle's Nest Ridge
29%
RacecourseBlack Forest NASTAR Public Racing
29%
BlackResolution
28.4%
CatwalkMinnie Ha Ha
28.4%
CatwalkNorthface Catwalk
28.4%
CatwalkWindisch Way
28.4%
CatwalkSundown Catwalk
27.7%
CatwalkTrans Montane
27.7%
BlackChallenge
27.1%
BlackFirst Step
27.1%
Terrain ParkGolden Peak Terrain Park
27.1%
BlackChampagne Glade
26.5%
BlackChicken Yard
26.5%
BlackLittle Ollie
26.5%
BlackSkree Field
26.5%
BlackYonder Gully
26.5%
CatwalkSun Up Catwalk
25.8%
CatwalkSkid Road
25.8%
BlackCookshack
25.2%
GreenGame Trail
25.2%
Terrain ParkPride Park
25.2%
Double BlackBeen There, Done That
25.2%
BlackShangri-La Glade
24.5%
BlueChoker Cut Off
24.5%
BlackHeavy Metal
23.9%
BlackHornsilver
23.9%
BlackKlickity Klack
23.9%
CatwalkBwana Loop
23.9%
BlackMarmot Valley
23.2%
BlackThe Divide
23.2%
GreenPika
23.2%
CatwalkCascade Way
23.2%
BlackCheetah Gully
22.6%
Terrain ParkBwana Park
22.6%
BlackMorning Thunder
21.9%
BlackOrient Express
21.9%
GreenGopher Hill
21.9%
BlackHead First
21.3%
BlackSweet N Sour
21.3%
CatwalkPost Road
20.6%
CatwalkWindows Road
20.6%
BlackEncore
20%
BlackHeadwall Ridge
20%
CatwalkKelly's Toll Road
20%
GreenHa Ha Highway
19.4%
BlackSpruce Alley
19.4%
CatwalkChina Spur
18.7%
BlackWidge's Ridge
18.1%
GreenThe Preserve
18.1%
BlackMontane Glade
17.4%
CatwalkVillages Catwalk
17.4%
BlackMorning Side Ridge
16.8%
BlueRanger Raccoon's Escape
16.8%
Double BlackBird's Nest
16.8%
BlackPtarmigan Ridge
16.1%
BlackCampbell's
15.5%
CatwalkMill Creek Road
14.8%
Remove Ads.
Support Sporcle.
Get the best of Sporcle when you Go Orange. This ad-free experience offers more features, more stats, and more fun while also helping to support Sporcle. Thank you for becoming a member.

You're not logged in!

Compare scores with friends on all Sporcle quizzes.
OR
Log In

Show Comments

Extras

Top Quizzes Today


Score Distribution

Your Account Isn't Verified!

In order to create a playlist on Sporcle, you need to verify the email address you used during registration. Go to your Sporcle Settings to finish the process.

Report this User

Report this user for behavior that violates our Community Guidelines.

Details: